00836nam a2200181 a 4500008004100000050001200041110005500053245007200108260004700180300001500227350000900242500012000251650001300371650003500384995010000419999001700519952011800536060830s2006 ||||||||||||||||| || u aUNO(02) aUnited Nations Economic and Social Affairs (UNESA)10aGuidelines on meetings planning and coordinationcby United Nations aGeneva:bUnited Nations Organizationc2006 a79p.: ill. a0.00 aConference services division.central planning and coordination service.meetings coordination and servicing section. aMEETINGS aCENTRAL PLANNING -- CONGRESSES D0.00FCBU-MAIN LIBRARY (Kitwe)H1I0.00M1UAVAILABLEWAug 30, 2006ZInternational Publications c45180d45180 00102lcc4070a001b001cInternational Publicationsd2022-11-30l0oUNO(02)p52553r2022-11-30w2022-11-30y002